Towards a sound democratic mechanism. (Record no. 88763)
[ view plain ]
| 000 -LEADER | |
|---|---|
| fixed length control field | 01390cam a22002291 4500 |
| 001 - CONTROL NUMBER | |
| control field | sa 68018998 |
| 003 - CONTROL NUMBER IDENTIFIER | |
| control field | DLC |
| 005 - DATE AND TIME OF LATEST TRANSACTION | |
| control field | 20260227112716.0 |
| 008 - FIXED-LENGTH DATA ELEMENTS--GENERAL INFORMATION | |
| fixed length control field | 860619s1968 io 000 0 eng |
| 010 ## - LIBRARY OF CONGRESS CONTROL NUMBER | |
| LC control number | sa 68018998 |
| 025 ## - OVERSEAS ACQUISITION NUMBER | |
| Overseas acquisition number | PL480: Indo-7944 |
| 040 ## - CATALOGING SOURCE | |
| Original cataloging agency | DLC |
| Transcribing agency | DLC |
| Modifying agency | DLC |
| 043 ## - GEOGRAPHIC AREA CODE | |
| Geographic area code | a-io--- |
| 050 00 - LIBRARY OF CONGRESS CALL NUMBER | |
| Classification number | JQ769 1968 |
| Item number | .T68 |
| 245 00 - TITLE STATEMENT | |
| Title | Towards a sound democratic mechanism. |
| 260 ## - PUBLICATION, DISTRIBUTION, ETC. | |
| Place of publication, distribution, etc. | [Djakarta] |
| Name of publisher, distributor, etc. | Dept. of Information, Republic of Indonesia |
| Date of publication, distribution, etc. | [1968] |
| 300 ## - PHYSICAL DESCRIPTION | |
| Extent | 1 v. (various pagings) |
| Dimensions | 33 cm. |
| 500 ## - GENERAL NOTE | |
| General note | Cover title. |
| 505 0# - FORMATTED CONTENTS NOTE | |
| Formatted contents note | Refreshing of the Dewan Perwakilan Rakjat (House of Representatives).--Clarification by the Acting President concerning important national problems before the Working Committee of the House of Representatives.--Opening address by the Chairman of the Provisional People's Consultative Assembly, General Dr. A.H. Nasution, before its 5th general session.--Report and clarifications by Acting President General Soeharto to the 5th general session of the Provisional People's Consultative Assembly.--First address by General Soeharto before the 5th session of the Provisional People's Consultative Assembly, after his election as president.--Decree of the 5th general session of the Provisional People's Consultative Assembly. |
| 651 #0 - SUBJECT ADDED ENTRY--GEOGRAPHIC NAME | |
| Geographic name | Indonesia |
| General subdivision | Politics and government |
| Chronological subdivision | 1966-1998. |
| 710 1# - ADDED ENTRY--CORPORATE NAME | |
| Corporate name or jurisdiction name as entry element | Indonesia. |
| Subordinate unit | Departemen Penerangan. |
No items available.